000 00489ntaaa2200181 4500
003 01
005 20251027202449.0
008 0714s1973 ag 01
040 _aAR-BaBN
_bspa
_cAR-BaBN
_eaacr
_dRIC
082 _a266.0980 L62
100 _aLiggett, Thomas J.
_923534
245 _aThe role of the missionary in Latin America today
250 _a1 ed.
260 _aNY :
_bNational Council of the Churches of Christ,
_c1963
300 _a28 p.
650 _aMisioneros
_98422
942 _cBK
999 _c19648
_d19648